Statistiques concernant Plus grandes villes de France par 2 premières lettres

Cliquez ici pour prendre le quiz!

Statistiques générales

  • Ce quiz a été pris 485 fois
    (360 depuis la dernière actualisation)
  • Le résultat moyen est 54 sur 125

Statistiques - réponses

DépartementVille% Correct
PAParisParis
90%
BOGirondeBordeaux
87%
LYMétropole de LyonLyon
86%
MABouches-du-RhôneMarseille
86%
AJCorse-du-SudAjaccio
84%
LINordLille
82%
DICôte-d'OrDijon
81%
BRFinistèreBrest
80%
NIAlpes-MaritimesNice
78%
NALoire-AtlantiqueNantes
77%
AMSommeAmiens
75%
CACalvadosCaen
74%
TOHaute-GaronneToulouse
74%
MOHéraultMontpellier
73%
REIlle-et-VilaineRennes
73%
AVVaucluseAvignon
72%
STBas-RhinStrasbourg
72%
ANMaine-et-LoireAngers
70%
GRIsèreGrenoble
70%
MEMoselleMetz
70%
CLPuy-de-DômeClermont-Ferrand
69%
QUFinistèreQuimper
68%
BLLoir-et-CherBlois
67%
BAPyrénées-AtlantiquesBayonne
66%
AIBouches-du-RhoneAix-en-Provence
65%
LACharente-MaritimeLa Rochelle
65%
LOMorbihanLorient
65%
MUHaut-RhinMulhouse
65%
ALTarnAlbi
64%
CHMancheCherbourg-Octeville
64%
ROSeine-MaritimeRouen
64%
AGLot-et-GaronneAgen
63%
ABSommeAbbeville
61%
BEDoubsBesançon
61%
DALandesDax
61%
LESeine-MaritimeLe Havre
61%
ORLoiretOrléans
61%
VADrômeValence
61%
DUNordDunkerque
60%
HYVarHyères
60%
PEPyrénées-OrientalesPerpignan
60%
NONouvelle-CalédonieNouméa
59%
SALoireSaint-Etienne
59%
TRAubeTroyes
59%
FOMartiniqueFort-de-France
58%
CRVal-de-MarneCréteil
57%
TUCorrèzeTulle
57%
AUSeine-Saint-DenisAubervilliers
56%
DONordDouai
56%
VEYvelinesVersailles
56%
VIMétropole de LyonVilleurbanne
54%
ARVal-d'OiseArgenteuil
53%
CEVal-d'OiseCergy
53%
EVEssoneEvry-Courcouronnes
52%
POViennePoitiers
52%
DRSeine-Saint-DenisDrancy
48%
IVVal-de-MarneIvry-sur-Seine
47%
OYAinOyonnax
45%
ASHauts-de-SeineAsnières-sur-Seine
44%
FRVarFréjus
44%
MIAveyronMillau
43%
COHauts-de-SeineColombes
42%
THMoselleThionville
41%
ISHauts-de-SeineIssy-les-Moulineaux
40%
NEHauts-de-SeineNeuilly-sur-Seine
39%
PUHauts-de-SeinePuteaux
39%
RUHauts-de-SeineRueil-Malmaison
38%
FESeine-MaritimeFécamp
36%
ECIsèreEchirolles
35%
RAYvelinesRambouillet
35%
JOIndre-et-LoireJoué-les-Tours
33%
TAGirondeTalence
33%
ETEssoneEtampes
32%
JUEssoneJuvisy-sur-Orge
32%
LUHéraultLunel
32%
LH (L'H)Val de MarneL'Haÿ-les-Roses
31%
EPSeine-Saint-DenisEpinay-sur-Seine
30%
GEHauts-de-SeineGennevilliers
30%
SESeine-Saint-DenisSevran
30%
YEEssoneYerres
30%
PRSeine-et-MarneProvins
29%
OLPyrénées-AtlantiquesOloron-Sainte-Marie
28%
YZAllierYzeure
28%
DEMétropole de LyonDécines-Charpieu
27%
YVSeine-MaritimeYvetot
27%
GAVal-d'OiseGarges-lès-Gonesse
26%
EAVal d'OiseEaubonne
25%
ELYvelinesÉlancourt
25%
ENVal-d'OiseEnghien-les-Bains
25%
OBBas-RhinObernai
25%
WANordWattrelos
25%
ATEssoneAthis-Mons
24%
DZMayotteDzaoudzi
24%
PLYvelinesPlaisir
24%
ILBas-RhinIllkirch-Graffenstaden
23%
SCBas-RhinSchiltigheim
23%
OUMétropole de LyonOullins
20%
WOMoselleWoippy
20%
ERVal-d'OiseErmont
19%
SOSeine-MaritimeSotteville-lès-Rouen
19%
FILoireFirminy
18%
GUYvelinesGuyancourt
18%
ACYvelinesAchères
17%
HANordHazebrouck
17%
IFCalvadosIfs
17%
RIMétropole de LyonRillieux-la-Pape
17%
FLGirondeFloirac
16%
BIBas-RhinBischheim
14%
GIEssoneGif-sur-Yvette
14%
GOVal-d'OiseGoussainville
14%
OISeine-MaritimeOissel
14%
SUHauts-de-SeineSuresnes
14%
IGEssoneIgny
13%
ONAveyronOnet-le-Château
13%
SINordSin-le-Noble
12%
YUMoselleYutz
12%
BUVienneBuxerolles
11%
HEVal-d'OiseHerblay
11%
KOMayotteKoungou
10%
PISeine-Saint-DenisPierrefitte-sur-Seine
10%
JENordJeumont
9%
KIHaut-RhinKingersheim
8%
WIHaut-RhinWittenheim
8%
OSBas-RhinOstwald
7%
TSMayotteTsingoni
4%

Distribution des résultats

Percentile par nombre de réponses

% des personnes avec chaque résultat

Votre développement - résultats

Vous n’avez pas pris ce quiz depuis la dernière actualisation